=LDR 00000nam 2200000 4500 =001 INLIS000000000020010 =005 20130612115016 =008 ***********************************Ind** =035 ##$$0010-061300000020010 =041 ##$$a Ind =082 ##$$a R.2x1.21 =090 ##$$a R.2x1.21, Asq f =100 ##$$a Al-Asqalani, Ibnu Hajar =245 ##$$a Fathul baari, penjelasan shahih Al-Bukhari, Ibnu Hajar Al-Asqalani ; penerjemah, Gazirah Abdi Ummah =260 ##$$a 2006 $b Jakarta =300 ##$$a ...jil, 21 cm =650 ##$$a Hadis Bukhari =850 ##$$a NBPNMAT =990 ##$$a 0001/BPAP-NTB/20142015 =990 ##$$a 0001/BPAP-NTB/20142015